| Tag |
First Indicator |
Second Indicator |
Subfields |
| LEADER |
00000cam a2200000Ma 4500 |
| 001 |
in00002051007 |
| 005 |
20151101175114.0 |
| 008 |
050509s2004 si a b 001 0 eng d |
| 020 |
|
|
|a 981256182X
|
| 020 |
|
|
|a 9812562001 (pbk)
|
| 035 |
|
|
|a (OCoLC)ocm60461102
|
| 040 |
|
|
|a YUS
|c YUS
|d TXA
|d UtOrBLW
|
| 049 |
|
|
|a TXAM
|
| 050 |
|
4 |
|a QC787.P3
|b L43 2004
|
| 100 |
1 |
|
|a Lee, S. Y.
|q (Shyh-Yuan)
|
| 245 |
1 |
0 |
|a Accelerator physics /
|c S.Y. Lee.
|
| 250 |
|
|
|a 2nd ed.
|
| 264 |
|
1 |
|a Singapore ;
|a Hackensack, N.J. :
|b World Scientific,
|c 2004.
|
| 300 |
|
|
|a xvii, 575 pages :
|b illustrations ;
|c 23 cm.
|
| 336 |
|
|
|a text
|b txt
|2 rdacontent
|
| 337 |
|
|
|a unmediated
|b n
|2 rdamedia
|
| 338 |
|
|
|a volume
|b nc
|2 rdacarrier
|
| 504 |
|
|
|a Includes bibliographical references (pages 561-562) and index.
|
| 650 |
|
0 |
|a Particle accelerators.
|
| 948 |
|
|
|a cataloged
|b h
|c 2005/5/26
|d c
|e jgreene
|f 2:35:30 pm
|
| 994 |
|
|
|a E0
|b TXA
|
| 999 |
|
|
|a MARS
|
| 999 |
f |
f |
|s 8c1f7a68-d2d8-3b71-9d28-f9fc0cc0eb7f
|i 517f305d-f5a7-37c6-a55a-cf902aae42de
|t 0
|
| 952 |
f |
f |
|p normal
|a Texas A&M University
|b College Station
|c Sterling C. Evans Library
|d Evans: Library Stacks
|t 0
|e QC787.P3 L43 2004
|h Library of Congress classification
|i unmediated -- volume
|m A14831560747
|
| 998 |
f |
f |
|a QC787.P3 L43 2004
|t 0
|l Evans: Library Stacks
|